Social research methods : qualitative and quantitative approaches
Αποθηκεύτηκε σε:
| Κύριος συγγραφέας: | |
|---|---|
| Μορφή: | Βιβλίο |
| Γλώσσα: | English |
| Δημοσίευση: |
Boston :
Pearson/A and B,
c2006
|
| Έκδοση: | 6th ed. |
| Θέματα: | |
| Ετικέτες: |
Προσθήκη ετικέτας
Δεν υπάρχουν, Καταχωρήστε ετικέτα πρώτοι!
|
MARC
| LEADER | 00000nam a2200000 i 4500 | ||
|---|---|---|---|
| 001 | 1/84007 | ||
| 008 | 080507s2006 eng d | ||
| 020 | |a 0-205-45793-2 (Intern. ed.) | ||
| 035 | |l 10097079 | ||
| 040 | |a GR-MY-UA |b gre |e aacr | ||
| 041 | 0 | |a eng | |
| 082 | 0 | |a 301.072 |2 (22) | |
| 100 | 1 | |a Neuman, William Lawrence |d 1950- | |
| 245 | 1 | 0 | |a Social research methods : |b qualitative and quantitative approaches / |c W. Laurence Neuman |
| 250 | |a 6th ed. | ||
| 260 | |a Boston : |b Pearson/A and B, |c c2006 | ||
| 300 | |a viii, 592 σ.; |b εικ.; |c 24 εκ. | ||
| 504 | |a Βιβλιογραφία: σ. 548-583. Ευρετήρια | ||
| 650 | 0 | 0 | |a Sociology |x Research |x Methodology. |
| 650 | 0 | 0 | |a Social sciences |x Research |x Methodology. |
| 852 | |a INST |b SYROS |e 20080507 |h 301.072 NEU |p 005500006027 |q 005500006027 |t BK |y 0 | ||
| 901 | |a BIBL5-2008-2 | ||
| 909 | |a Ε |b 151133 | ||
| 922 | |a 5ΕΛΗ |b 200803 |c ΕΠΕΑΕΚ2/ΤΜΣΠΣ |d ΠΑΠΑΣΩΤΗΡΙΟΥ | ||
| 970 | |a ΚΟΝΤΟΥ |b ΠΑΡΑΣΚΕΥΗ |z 2008/05/07 | ||